Fr. Conceicao Rodrigues College of Engineering

Digital Fundamentals (Record no. 28052)

MARC details
000 -LEADER
fixed length control field 00384nam a2200181Ia 4500
082 ## - DEWEY DECIMAL CLASSIFICATION NUMBER
Classification number 621.381
Item number FLO
100 ## - MAIN ENTRY--PERSONAL NAME
Personal name Floyd/Thomas L
250 ## - EDITION STATEMENT
Edition statement 8
245 ## - TITLE STATEMENT
Title Digital Fundamentals
260 ## - PUBLICATION, DISTRIBUTION, ETC.
Name of publisher, distributor, etc. Pearson Education
Date of publication, distribution, etc. 2006
366 ## - TRADE AVAILABILITY INFORMATION
Publishers's discount category 25
300 ## - PHYSICAL DESCRIPTION
Extent 582
546 ## - LANGUAGE NOTE
Language note ENGLISH
650 ## - SUBJECT ADDED ENTRY--TOPICAL TERM
Topical term or geographic name entry element Digital electronics
654 ## - SUBJECT ADDED ENTRY--FACETED TOPICAL TERMS
Focus term digital fundamentals
942 ## - ADDED ENTRY ELEMENTS (KOHA)
Koha item type BOOK
Holdings
Withdrawn status Lost status Damaged status Not for loan Collection Home library Current library Date acquired Source of acquisition Cost, normal purchase price Inventory number Total Checkouts Full call number Barcode Date last seen Date last checked out Cost, replacement price Price effective from Koha item type
        CRC Fr. Agnel's C.Rodrigues College of Engineering AGNEL TECHNICAL COLLEGE LIBRARY 17/03/2023 Milan Book Supplier 318.75 1906 dt 14/09/2009 1 621.381 FLO 20039 25/03/2025 04/02/2025 425.00   BOOK
        CRC Fr. Agnel's C.Rodrigues College of Engineering Fr. Agnel's C.Rodrigues College of Engineering 17/03/2023 Milan Book Supplier 318.75 1906 dt 14/09/2009   621.381 FLO 20040 17/03/2023   425.00   BOOK
        CRC Fr. Agnel's C.Rodrigues College of Engineering Fr. Agnel's C.Rodrigues College of Engineering 17/03/2023 Milan Book Supplier 318.75 1906 dt 14/09/2009   621.381 FLO 20041 17/03/2023   425.00   BOOK
        CRC Fr. Agnel's C.Rodrigues College of Engineering Fr. Agnel's C.Rodrigues College of Engineering 17/03/2023 Milan Book Supplier 318.75 1906 dt 14/09/2009   621.381 FLO 20042 17/03/2023   425.00   BOOK
        CRC Fr. Agnel's C.Rodrigues College of Engineering Fr. Agnel's C.Rodrigues College of Engineering 17/03/2023 Milan Book Supplier 318.75 1906 dt 14/09/2009   621.381 FLO 20043 17/03/2023   425.00   BOOK